LEADER 01245nam a2200325 u 4500 001 000000066501 003 CaOOAMICUS 005 20070226121601.0 008 020116s1974 it u000 u ita u 035 $a10916862 040 $aPUL(R)$bita 041 1 $aita$hger 245 02$aL'impero bizantino /$ca cura di Franz Georg Maier. 260 $aMilano :$bFeltrinelli editore,$c1974. 300 $a509 p. ;$c20 cm 490 1 $aStoria universale Feltrinelli ;$v13 500 $aInclude indici. 500 $aEd. orig.: Fischer Weltgeschichte 13: Byzanz. 504 $aBibliografia: p. 454-482. 651 4$aImpero bizantino$xStoria.$0(OLS)http://pul/subject/778 700 1 $aMaier, Franz Georg,$d1926-$0(OLS)http://pul/name/4018 740 0 $aByzanz. 830 0$aStoria universale Feltrinelli ;$v13.$0(OLS)http://pul/title/20414 850 $aPUL 852 $aPUL$W1$xSL Filosofia 1$y2$m99 H 17$j85975$nBK-PRI$b $qStampati$B85975$CPULBib$Z2$F85975 $H $81 941 1 $a8 961 $aINV: 45115 996 $6245$aL'impero bizantino$9(OLS)http://pul/title/88281 996 $6740$aByzanz$9(OLS)http://pul/title/88282 996 $6260$aMilano :$bFeltrinelli editore$9(OLS)http://pul/publisher/61069 LEADER 01254nam a2200313 a 4500 001 000000136495 003 CaOOAMICUS 005 20131128140801.0 008 131128s1995 it u000 u ita r 020 $a88-04-40362-4 040 $aPUL$bita 041 1 $aita$hger 100 1 $aNovalis,$d1772-1801.$0(OLS)http://pul/name/34912 240 10$aHeinrich von Ofterdingen.$lItaliano.$0(OLS)http://pul/title/172727 245 10$aEnrico di Ofterdingen /$cNovalis ; a cura di Leonardo Vittorio Arena. 260 $aMilano :$bArnoldo Mondadori,$c1995. 300 $aLIII, 214 p. ;$c19 cm 490 1 $aOscar classici 700 1 $aArena, Leonardo Vittorio,$d1953-$0(OLS)http://pul/name/24005 830 0$aOscar classici.$0(OLS)http://pul/title/104182 850 $aPUL 852 $aPUL$W1$xDP1 Fondo E. Rossi$y115$m2 D 65$j157219$qFondi$B156690$CPULBib$Z2$F156690 $82 900 $aHardenberg, Georg Friedrich Philipp,$d1772-1801$934912 941 1 $a1 961 $aSul dorso collocazione ms. di E. Rossi: IV 66 1 996 $6020$a88-04-40362-4$9(OLS)http://pul/number/154029 996 $6245$aEnrico di Ofterdingen$9(OLS)http://pul/title/172728 996 $6260$aMilano :$bArnoldo Mondadori$9(OLS)http://pul/publisher/60431